Statistics for 江苏省县级行政区划地图 County-level administrative divisions in Jiangsu Province

Click here to take the quiz!

General Stats

  • This quiz has been taken 98 times
  • The average score is 71 of 95

Answers on the Map

Answers color-coded by a green-red scale on the quiz's map according to % correct below.
 

Answer Stats

Answer% Correct
张家港市
97%
昆山市
96%
雨花台区
94%
江阴市
93%
常熟市
93%
鼓楼区
92%
太仓市
92%
鼓楼区
92%
启东市
92%
姑苏区
92%
秦淮区
90%
江宁区
90%
吴江区
90%
虎丘区
89%
宜兴市
89%
高淳区
88%
锡山区
88%
玄武区
88%
吴中区
85%
溧阳市
85%
泰兴市
85%
扬中市
85%
沛县
85%
丰县
85%
六合区
85%
丹阳市
85%
浦口区
85%
通州区
82%
海门区
82%
栖霞区
82%
溧水区
81%
句容市
81%
惠山区
79%
如皋市
79%
大丰区
79%
连云区
79%
相城区
79%
金坛区
78%
赣榆区
78%
建邺区
76%
高邮市
76%
灌云县
76%
盱眙县
76%
邗江区
76%
淮安区
76%
武进区
76%
靖江市
75%
灌南县
75%
江都区
75%
京口区
74%
滨湖区
74%
东台市
74%
淮阴区
72%
海安市
72%
仪征市
72%
梁溪区
71%
钟楼区
69%
丹徒区
69%
宝应县
68%
新吴区
68%
如东县
68%
新沂市
67%
云龙区
67%
海州区
67%
姜堰区
67%
润州区
67%
新北区
67%
邳州市
65%
铜山区
65%
广陵区
65%
兴化市
65%
滨海县
65%
东海县
64%
宿城区
64%
沭阳县
63%
泗阳县
63%
泗洪县
63%
高港区
63%
响水县
63%
盐都区
63%
天宁区
63%
射阳县
61%
宿豫区
61%
崇川区
60%
洪泽区
60%
贾汪区
60%
清江浦区
60%
阜宁县
57%
涟水县
57%
泉山区
57%
睢宁县
56%
建湖县
54%
金湖县
54%
海陵区
54%
亭湖区
51%

Score Distribution

Percentile by Number Answered

Percent of People with Each Score

Your Score History

You have not taken this quiz